UK or US? Bands - Statistics

General Stats
  • This quiz has been taken 123 times
    118 since last reset
  • The average score is 23 of 34
Answer Stats
Hint Answer % Correct
Queen UK
90%
Nirvana US
87%
Red Hot Chili Peppers US
87%
Radiohead UK
85%
Rolling Stones UK
83%
the Who UK
83%
Pink Floyd UK
82%
Coldplay UK
82%
the Clash UK
82%
Green Day US
80%
the Kinks UK
78%
Metallica US
78%
Guns n Roses US
77%
Led Zeppelin UK
75%
Suede UK
74%
Depeche Mode UK
74%
Pearl Jam US
73%
Jefferson Airplane US
71%
Hole US
69%
Liverbirds UK
68%
Grateful Dead US
66%
Ramones US
66%
Blondie US
63%
Iron Maiden UK
60%
Runaways US
60%
the Donnas US
59%
the Doors US
56%
Byrds US
53%
Velvet Underground US
53%
Judas Priest UK
52%
Birds UK
52%
Fanny US
44%
X-Ray Spex UK
41%
Fleetwood Mac Both
30%
No matching quizzes found
Score Distribution
Percent of People with Each Score
Percentile by Number Answered
Your Score History
You have not taken this quiz since the last reset